|
|
|
|
| LEADER |
00819nab a2200193 i 4500 |
| 001 |
misc11909 |
| 005 |
20191106141639.0 |
| 008 |
170607s1963 hu o 0|| hun d |
| 022 |
|
|
|a 0025-0260
|
| 040 |
|
|
|a SZTE Miscellanea Repozitórium
|b hun
|
| 041 |
|
|
|a hun
|
| 100 |
1 |
|
|a Danilov Mihail Aleksandrovič
|
| 245 |
1 |
3 |
|a Az oktatási folyamat időszerű kutatási problémái
|h [elektronikus dokumentum] /
|c Danilov Mihail Aleksandrovič
|
| 260 |
|
|
|c 1963
|
| 300 |
|
|
|a 25-33
|
| 490 |
0 |
|
|a Magyar pedagógia : a Magyar Tudományos Akadémia Pedagógiai Bizottságának folyóirata
|v 63 No. 1
|
| 695 |
|
|
|a Neveléselmélet kutatás helyzete 1962, Oktatási folyamat
|
| 710 |
|
|
|a Nemzetközi pedagógiai munkaértekezlet, 1962, Budapest
|
| 856 |
4 |
0 |
|u http://misc.bibl.u-szeged.hu/11909/1/mp_1963_001_4450_025-033.pdf
|z Dokumentum-elérés
|